| 000 | 00947nam a2200277 u 4500 | ||
|---|---|---|---|
| 001 | 63707 | ||
| 005 | 20180714070243.0 | ||
| 008 | 151109s2014 xxu r 000 0 spa d | ||
| 020 | _a9780133382594 | ||
| 041 | _aeng | ||
| 082 | 0 |
_a658.408 _bSIS |
|
| 100 | 1 |
_aSisodia, Rajendra _eautor |
|
| 245 | 1 | 0 |
_aFirms of endearment : _bhow world-class companies profit from passion and purpose / _cRaj Sisodia; Jag Sheth; David Wolfe. |
| 250 | _aSecond edition | ||
| 264 | 1 |
_aUnited States of America : _bPearsob education, _c2014 |
|
| 300 |
_axxxiii, 281 páginas ; _c24 cm. |
||
| 336 |
_atexto _2rdacontent |
||
| 337 |
_asin mediación _2rdamedia |
||
| 338 |
_avolumen _2rdacarrier |
||
| 650 | 0 | _aPlaneación estrategica | |
| 650 | 0 | _aPlaneación de negocios | |
| 650 | 0 | _aÉtica en los negocios | |
| 650 | 0 | _aResponsabilidad social de negocios | |
| 700 | 1 |
_aSheth, Jagdish N. _eautor |
|
| 700 | 1 |
_aWolfe, David _d1970- _eautor |
|
| 999 |
_c63707 _d63707 |
||